Sostenibilidad de intermediarias financieras rurales /

Na minha lista:
Detalhes bibliográficos
Autor principal: Izquierdo, Eduardo
Autor Corporativo: Instituto Latinoamericano de Fomento Industrial
Outros Autores: Clements, Harry, Nusselder, Hans, Chaves, Ramón Luis
Formato: Desconhecido
Publicado em: San José: IFAIN. CDR-ULA
Tags: Adicionar Tag
Sem tags, seja o primeiro a adicionar uma tag!

MARC

LEADER 00000 a2200000 04500
001 12171
003
008 991231s d
040
090 |a 142201  
100 |a Izquierdo, Eduardo  
110 |a Instituto Latinoamericano de Fomento Industrial  
245 |a Sostenibilidad de intermediarias financieras rurales /  |c Eduardo Izquierdo  
260 |a San José:   |b IFAIN. CDR-ULA  
300 |a x, 235 p.  
700 |a   
700 |a Clements, Harry  
700 |a   
700 |a Nusselder, Hans  
700 |a   
700 |a Chaves, Ramón Luis  
700 |a   
999 |c 12853  |d 12853